Rivista di Igiene e Sanita Pubblica (Record no. 5159)

MARC details
000 -LEADER
campo de control de longitud fija 00846npm a2200241 i 4500
001 - NÚMERO DE CONTROL
campo de control 5159
003 - IDENTIFICADOR DE NÚMERO DE CONTROL
campo de control ES-MaACL
005 - FECHA Y HORA DE LA ÚLTIMA TRANSACCIÓN
campo de control 20230908141229.0
007 - CAMPO FIJO DE DESCRIPCIÓN FÍSICA--INFORMACIÓN GENERAL
campo de control de longitud fija hzrazu bucu
008 - DATOS DE LONGITUD FIJA--INFORMACIÓN GENERAL
campo de control de longitud fija 900419r19901912it a 00010 ita d
080 ## - NÚMERO DE LA CLASIFICACIÓN DECIMAL UNIVERSAL
Número de la Clasificación Decimal Universal 614(05)(454.11)
080 ## - NÚMERO DE LA CLASIFICACIÓN DECIMAL UNIVERSAL
Número de la Clasificación Decimal Universal 61(05)(454.11)
080 ## - NÚMERO DE LA CLASIFICACIÓN DECIMAL UNIVERSAL
Número de la Clasificación Decimal Universal 05(45)
245 00 - MENCIÓN DEL TÍTULO
Título Rivista di Igiene e Sanita Pubblica
Resto del título : [Microforma].
260 ## - PUBLICACIÓN, DISTRIBUCIÓN, ETC.
Lugar de publicación, distribución, etc. Madrid :
Nombre del editor, distribuidor, etc. Ateneo Cientifico, Literario y Artistico,
Fecha de publicación, distribución, etc. 1990.
300 ## - DESCRIPCIÓN FÍSICA
Extensión 2 carretes de microfilme :
Otras características físicas negativo ;
Dimensiones 16 mm.
500 ## - NOTA GENERAL
Nota general Publicado originalmente: Parma, R. Universita, 1912-1919, periodicidad quincenal.
505 8# - NOTA DE CONTENIDO CON FORMATO
Nota de contenido con formato Carrete n. 1: 1912 a 1915 (mar.) -- Carrete n. 2: 1915 (abr.) a 1919 e indices
852 ## - LOCALIZACIÓN
Ubicación ES-MaACL
Número de control de estantería MC-188-189
itemnumber 5276
Ubicación en estantería Depósito 1
942 ## - ELEMENTOS DE ENTRADA SECUNDARIOS (KOHA)
Fuente del sistema de clasificación o colocación Clasificación decimal universal
Tipo de ítem Koha Microforma
Holdings
Estatus retirado Estado de pérdida Fuente del sistema de clasificación o colocación Estado de daño No para préstamo Colección Biblioteca de origen Biblioteca actual Ubicación en estantería Fecha de adquisición Total de préstamos Signatura topográfica completa Código de barras Visto por última vez Precio de reemplazo Tipo de ítem Koha
    Clasificación decimal universal     Periódicos y Revistas Biblioteca del Ateneo de Madrid Biblioteca del Ateneo de Madrid Depósito 1 17/01/2008   MC-188-189 1005222 23/02/2023 23/02/2023 Microforma